Physics for students of science and engineering (Record no. 544203)

000 -LEADER
fixed length control field 00752cam a2200217L 4500
082 04 - DEWEY DECIMAL CLASSIFICATION NUMBER
Classification number 530.02462
Author Mark HAL
-- L-6, P-40
100 1# - MAIN ENTRY--PERSONAL NAME
Personal name Resnick, Robert,
9 (RLIN) 8684
245 10 - TITLE STATEMENT
Title Physics for students of science and engineering
Statement of responsibility, etc. [by] David Halliday [and] Robert Resnick.
250 ## - EDITION STATEMENT
Edition statement 2d ed.
260 ## - PUBLICATION, DISTRIBUTION, ETC.
Place of publication, distribution, etc. New York,
Name of publisher, distributor, etc. Wiley
Date of publication, distribution, etc. [c1961]
300 ## - PHYSICAL DESCRIPTION
Extent xiv, 1025, 40, p.:
Other physical details illus.
Dimensions 25 cm.
500 ## - GENERAL NOTE
General note First published in 2 v. with authors' names in reverse order in v. 1.
500 ## - GENERAL NOTE
General note Later ed. published under title: Physics.
526 ## - STUDY PROGRAM INFORMATION NOTE
Program name 0
Interest level 0
Reading level 0
Title point value 530_024620000000000_HAL
526 ## - STUDY PROGRAM INFORMATION NOTE
Program name 0
Interest level 0
Reading level 0
Title point value 530_024620000000000_HAL
650 #0 - SUBJECT ADDED ENTRY--TOPICAL TERM
Topical term or geographic name entry element Physics.
650 #7 - SUBJECT ADDED ENTRY--TOPICAL TERM
Topical term or geographic name entry element Fisica Geral
9 (RLIN) 39767
650 #7 - SUBJECT ADDED ENTRY--TOPICAL TERM
Topical term or geographic name entry element MCE
9 (RLIN) 379
700 1# - ADDED ENTRY--PERSONAL NAME
Personal name Halliday, David,
9 (RLIN) 5033
942 ## - ADDED ENTRY ELEMENTS (KOHA)
Source of classification or shelving scheme
Koha item type Book
Holdings
Withdrawn status Lost status Source of classification or shelving scheme Damaged status Not for loan Permanent Location Current Location Date acquired Total Checkouts Full call number Barcode Date last seen Price effective from Koha item type Public note
          Military College of Engineering (MCE) Military College of Engineering (MCE) 04/15/2014   530.02462 HAL MCE-2595 04/15/2014 03/14/2021 Book Part.2
          Military College of Engineering (MCE) Military College of Engineering (MCE) 04/17/2014   530.02462 HAL MCE-2595/1 04/17/2014 04/17/2014 Book Part.2
© 2023 Central Library, National University of Sciences and Technology. All Rights Reserved.